01119ngm a2200325 4500003000400000005001700004007000500021008004100026010003800067024002400105035002000129035002000149040001300169082001600182245006200198260002900260300006300289440002900352500006800381500014900449538004900598650001900647700002400666700002200690700001600712700001800728700001500746700001600761700001600777dpl20090109113916.0DVD ||||||sp199 xxu|||||c ||| 00| 0 ng d  aDVD-001995-1997 & DVD-005073-5078 c69.00 aEVCD-P 9779 aDVD-001995-1997 aDVD-005073-5078 aDPLcDPL aDVD / PRAT aPratiggyacBikamjit Films Presentsh[videorecording] VCD/ bEagle Home Entertainment a2 videodisc VCD; (142 min.) :bsd., col. ;c4 3/4 in.fVCD aEagle Home Entertainment aThis title is complete with 2 discs Not to be sold individually aThis is a Video CD with Digital Audio, full Motion Video and Play Back Control suitable for Video CD players and Multimedia Pc's with MPEG card. aDolby Digital 5.1 - Hindi Subtitles: English aMotion Picture aDehal, Bikram Singh aSingh, Kamwar Jit aGuha, Dulal aLahiri, Bappi aDharmendra aHema Malini aGuha, Dulal